NYC E Train Subway Stations (Harder Version) - Statistics

General Stats
  • This quiz has been taken 18 times
  • The average score is 17 of 20
Answer Stats
Borough Neighborhood Station Transfers % Correct
Manhattan Midtown 34th Street–Penn Station A, C
91%
Manhattan Tribeca Canal Street A, C
91%
Manhattan Financial District Chambers Street–World Trade Center/Park Place/Cortlandt Street A, C, 2, 3, R, W
91%
Queens Long Island City Court Square–23rd Street G, 7, M
91%
Queens Jackson Heights Jackson Heights–Roosevelt Avenue/74th Street 7, F, M, R
91%
Queens Jamaica Jamaica Center–Parsons/Archer J
91%
Queens Kew Gardens Jamaica–Van Wyck
91%
Manhattan Chelsea 14th Street/Eighth Avenue A, C, L
82%
Manhattan Chelsea 23rd Street C
82%
Manhattan Midtown 42nd Street–Bryant Park/Fifth Avenue B, D, F, M, 7, A, C
82%
Manhattan Midtown 50th Street C
82%
Queens Forest Hills Forest Hills–71st Avenue F, M, R
82%
Queens Kew Gardens Kew Gardens–Union Turnpike F
82%
Queens Long Island City Queens Plaza M, R
82%
Queens Jamaica Sutphin Boulevard–Archer Avenue–JFK Airport J
82%
Manhattan Midtown Fifth Avenue/53rd Street M
73%
Manhattan Midtown Lexington Avenue/51st Street 6, M
73%
Manhattan Midtown Seventh Avenue B, D
73%
Manhattan Hudson Square Spring Street C
73%
Manhattan Greenwich Village West Fourth Street–Washington Square A, B, C, D, F, M
73%
No matching quizzes found
Score Distribution
Percent of People with Each Score
Percentile by Number Answered
Your Score History
You have not taken this quiz